| Tag |
First Indicator |
Second Indicator |
Subfields |
| LEADER |
00000cam a2200000Ia 4500 |
| 001 |
in00001991721 |
| 005 |
20151031112303.0 |
| 008 |
840606s1976 enka 000 0 eng d |
| 020 |
|
|
|a 0856471003
|
| 035 |
|
|
|a (OCoLC)ocm10813059
|
| 040 |
|
|
|a LLM
|c LLM
|d TXA
|d UtOrBLW
|
| 049 |
|
|
|a TXAM
|
| 090 |
|
|
|a PN1995.9.P6
|b P45 1976
|
| 100 |
1 |
|
|a Phillips, Baxter.
|
| 245 |
1 |
0 |
|a Swastika :
|b cinema of oppression /
|c by Baxter Phillips.
|
| 264 |
|
1 |
|a London :
|b Lorrimer,
|c [1976]
|
| 264 |
|
4 |
|c ©1976
|
| 300 |
|
|
|a 111 pages :
|b illustrations (some color) ;
|c 26 cm.
|
| 336 |
|
|
|a text
|b txt
|2 rdacontent
|
| 337 |
|
|
|a unmediated
|b n
|2 rdamedia
|
| 338 |
|
|
|a volume
|b nc
|2 rdacarrier
|
| 650 |
|
0 |
|a Motion pictures in science
|x History and criticism.
|
| 650 |
|
0 |
|a Communism and motion pictures.
|
| 650 |
|
0 |
|a National socialism in motion pictures.
|
| 650 |
|
0 |
|a Racism in motion pictures.
|
| 948 |
|
|
|a cataloged
|b h
|c 2004/12/6
|d c
|e jgreene
|f 2:38:21 pm
|
| 994 |
|
|
|a C0
|b TXA
|
| 999 |
|
|
|a MARS
|
| 999 |
f |
f |
|s 251d149b-2406-3655-9296-7689fef60c2b
|i 46886eb6-edc5-3c26-9283-f5c89f6e84ca
|t 0
|
| 952 |
f |
f |
|p ric
|a Texas A&M University
|b Rellis Campus
|c Joint Library Facility
|d Remote Storage
|t 0
|e PN1995.9.P6 P45 1976
|h Library of Congress classification
|i unmediated -- volume
|m A14831614106
|
| 998 |
f |
f |
|a PN1995.9.P6 P45 1976
|t 0
|l Remote Storage
|